000 01175nam a2200325 a 4500
001 000114346
003 CHAP
005 20220329144437.0
008 180115s2017 mx a fsm |||||||spa d
010 _a110807
011 _a111779
040 _cCHAP
090 _aTesis
100 1 _aVazquez Madrid, Edgar
_9134308
245 1 0 _aAplicación de velocimetría de imágenes de partículas (PIV) para caracterizar patrones de flujo en biorreactores /
_h[En línea]
_cpor Edgar Vazquez Madrid.
260 _aChapingo, Méx. :
_bEl autor,
_c2017.
500 _aPara ver el contenido del material haga clic en la liga
502 _aTesis (Ing. Agroindustrial) -- UACH. Departamento de Ingeniería Agroindustrial
590 _aBATCH-UPD
_b05
_c20180115
_lUCH01
_h0943
590 _aE8697GMM
_b05
_c20180115
_lUCH01
_h0943
590 _aE8697GMM
_b05
_c20180115
_lUCH01
_h0947
650 1 4 _aBiorreactores.
_912863
650 1 4 _aMezcladoras.
_975363
650 1 4 _aPartículas
_xAnálisis.
_9134309
650 1 4 _aTratamiento anaeróbico.
_9114699
856 _aFinding aid
_uhttp://10.13.5.2/tesis/sist114346.pdf
_zTeclea aquí
901 _aBK
942 _cTESIS
942 _n0
999 _c110807
_d110807